Gebrochene herzen (Record no. 59599)
[ view plain ]
| 000 -LÍDER | |
|---|---|
| campo de controle de tamanho fixo | 00335 a2200157 4500 |
| 001 - NÚMERO DE CONTROLE | |
| campo de controle | 59599 |
| 020 ## - ISBN - INTERNATIONAL STANDARD BOOK NUMBER | |
| ISBN - International Standard Book Number | 9783468497452 |
| 040 ## - FONTE DA CATALOGAÇÃO | |
| Instituição que transcreveu o registro | Anchieta - Pituba |
| 100 ## - ENTRADA PRINCIPAL--NOME PESSOAL | |
| Nome pessoal | Leo |
| 240 10 - TÍTULO UNIFORME | |
| Título uniforme | Gebrochene herzen |
| Idioma da obra | por |
| 245 10 - TÍTULO | |
| Título | Gebrochene herzen |
| 300 ## - DESCRIÇÃO FÍSICA | |
| Extensão | 64 |
| 362 0# - DATAS DE PUBLICAÇÃO E/OU DESIGNAÇÃO SEQUENCIAL | |
| Datas de publicação e/ou designação sequencial | 2008 |
| 650 #4 - ASSUNTO--TERMO TÓPICO | |
| Cabeçalho tópico ou nome geográfico | Literatura juvenil em alemão |
| 942 ## - ELEMENTOS DE ENTRADA ADICIONADOS (KOHA) | |
| Tipo de material Koha | Livros |
| Situação do descarte | Situação das perdas | Situação física | Não pode ser emprestado | Biblioteca de origem | Biblioteca atual | Data de aquisição | Total de empréstimos | Número de chamada completo | Código de barras | Data de último acesso | Data do preço efetivo | Tipo de material Koha |
|---|---|---|---|---|---|---|---|---|---|---|---|---|
| Colégio Anchieta - Pituba | Colégio Anchieta - Pituba | 21/11/2023 | LJ 028.543 L576g LEO GEB | 10936/PIT | 21/11/2023 | 21/11/2023 | Livros | |||||
| Colégio Anchieta - Pituba | Colégio Anchieta - Pituba | 21/11/2023 | LJ 028.543 L576g LEO GEB | 10937/PIT | 21/11/2023 | 21/11/2023 | Livros | |||||
| Colégio Anchieta - Pituba | Colégio Anchieta - Pituba | 21/11/2023 | LJ 028.543 L576g LEO GEB | 10938/PIT | 21/11/2023 | 21/11/2023 | Livros | |||||
| Colégio Anchieta - Pituba | Colégio Anchieta - Pituba | 21/11/2023 | LJ 028.543 L576g LEO GEB | 10939/PIT | 21/11/2023 | 21/11/2023 | Livros | |||||
| Colégio Anchieta - Pituba | Colégio Anchieta - Pituba | 21/11/2023 | LJ 028.543 L576g LEO GEB | 10940/PIT | 21/11/2023 | 21/11/2023 | Livros | |||||
| Colégio Anchieta - Pituba | Colégio Anchieta - Pituba | 21/11/2023 | LJ 028.543 L576g LEO GEB | 10941/PIT | 21/11/2023 | 21/11/2023 | Livros | |||||
| Colégio Anchieta - Pituba | Colégio Anchieta - Pituba | 21/11/2023 | LJ 028.543 L576g LEO GEB | 10942/PIT | 21/11/2023 | 21/11/2023 | Livros | |||||
| Colégio Anchieta - Pituba | Colégio Anchieta - Pituba | 21/11/2023 | LJ 028.543 L576g LEO GEB | 10943/PIT | 21/11/2023 | 21/11/2023 | Livros | |||||
| Colégio Anchieta - Pituba | Colégio Anchieta - Pituba | 21/11/2023 | LJ 028.543 L576g LEO GEB | 10944/PIT | 21/11/2023 | 21/11/2023 | Livros |